000 00348nam a2200145Ia 4500
008 150201s2008 xx 000 0 und d
082 _a618.92
_bP08P
100 _aPERKIN, RONALD M.
245 _aPEDIATRIC HOSPITAL MEDICINE
250 _a2ND
260 _bWOLTERKULUWER
_aDELHI
_c2008
300 _a1-924
650 _aPAEDIATRICS
942 _2ddc
_cBK
999 _c583
_d583